Statystyki dla 15 najbardziej dotkniętych krajów Covid-19 - 14 mar 2021

Kliknij tutaj aby rozwiązać quiz!

Ogólne statystyki

  • Ten quiz został rozwiązany 20 razy
  • Średni wynik to 15 z 28

Statystyki odpowiedzi

kraj% Poprawnych
Polska
100%
Niemcy
95%
Rosja
95%
Stany Zjednoczone
95%
Francja
89%
Hiszpania
89%
Brazylia
84%
Indie
79%
Wielka Brytania
79%
Włochy
79%
Meksyk
74%
Argentyna
68%
Czechy
58%
Portugalia
53%
Turcja
53%
Kolumbia
47%
Belgia
42%
Iran
42%
Szwecja
42%
Holandia
37%
Litwa
26%
Estonia
21%
Słowenia
21%
Szwajcaria
16%
Izrael
11%
Bahrajn
5%
Gruzja
5%
Panama
5%

Rozkład punktacji

Percentyl według liczby udzielonych odpowiedzi

Procent ludzi z każdym wynikiem

Twoja historia wyników

Nie rozwiązałeś tego quizu